Name the Superman Movies - Statistics

General Stats
  • This quiz has been taken 63 times
    26 since last reset
  • The average score is 14 of 21
Answer Stats
Year Movie % Correct
2013 Man of Steel
100%
2025 Superman
100%
1980 Superman II
100%
1983 Superman III
100%
2005 Superman II: The Richard Donnor Cut
100%
1987 Superman IV: Quest for Peace
100%
2006 Superman Returns
100%
1978 Superman: The Movie
100%
2016 Batman V. Superman: Dawn of Justice
95%
2017 Justice League
86%
2021 Zack Snyder's Justice League
86%
1984 Supergirl
77%
2023 The Flash
59%
2019 Shazam!
41%
2026 Supergirl: Woman of Tomorrow
41%
2014 The Lego Movie
36%
2017 The Lego Batman Movie
32%
2022 DC League of Super-Pets
18%
2019 The Lego Movie 2: The Second Part
14%
2018 Teen Titans GO! To the Movies
9%
2021 Space Jam: A New Legacy
5%
No matching quizzes found
Score Distribution
Percent of People with Each Score
Percentile by Number Answered
Your Score History
You have not taken this quiz since the last reset